000 00608nam a2200229Ia 4500
005 20250508163526.0
008 008 250505s9999 xx 000 0 eng d
037 _aTextBook
040 _aFEDL
_beng
_cFEDL
041 _aeng
_2eng
084 _a330.7, BAW
_qFEDL
100 _aBawa M S Ed.
245 0 _aEvaluation in economics
260 _aDelhi, India
_bDepartment of Education
_c1996
300 _a138p
365 _aGifted
490 _aTeachers Handbook
546 _aPublication No 17
650 _aEconomics-Teaching
942 _cTB
_h330.7, BAW
999 _c1383877
_d1383877